Creating a model for real-time drone detection
Gespeichert in:
| 1. Verfasser: | |
|---|---|
| Weitere Verfasser: | |
| Format: | Manuskript Buch |
| Sprache: | Slowakisch Englisch |
| Veröffentlicht: |
2025
|
| Schlagworte: | |
| Online-Zugang: | http://is.stuba.sk/zp/portal_zp.pl?podrobnosti=184582 |
| Tags: |
Keine Tags, Fügen Sie das erste Tag hinzu!
|
MARC
| LEADER | 00000ntm a22000003a 4500 | ||
|---|---|---|---|
| 001 | stuzp105669 | ||
| 003 | SK-STU | ||
| 005 | 20250614214010.8 | ||
| 007 | ta | ||
| 008 | 150427s2015----xo-----f-mn---000-0-slo-d | ||
| 040 | |a STU |b slo | ||
| 041 | 0 | |a eng | |
| 100 | 1 | |a Bartoš, Patrik |u 033000 |4 aut |U FEI Fakulta elektrotechniky a informatiky |T FEI Ústav elektroniky a fotoniky |X 102855 |U E030 |Y 549 |7 102855 | |
| 242 | 0 | 1 | |a Vytvorenie modelu na detekciu dronov v reálnom čase |y slo |
| 245 | 1 | 0 | |a Creating a model for real-time drone detection |
| 260 | |c 2025 | ||
| 650 | 4 | |a Master thesis |2 eng | |
| 650 | 4 | |a YOLO |2 eng | |
| 650 | 4 | |a real-time |2 eng | |
| 650 | 4 | |a detection |2 eng | |
| 650 | 4 | |a drone |2 eng | |
| 650 | 4 | |a v reálnom čase |2 slo | |
| 650 | 4 | |a YOLO |2 slo | |
| 650 | 4 | |a dron |2 slo | |
| 650 | 4 | |a Záverečná práca |2 slo | |
| 650 | 4 | |a detekcia |2 slo | |
| 700 | 1 | |a Hotový, Ivan |u 033000 |k Z1 |4 ths |U FEI Fakulta elektrotechniky a informatiky |T FEI Ústav elektroniky a fotoniky |X 4233 |U E030 |Y 549 |7 A000004233 | |
| 856 | 4 | |u http://is.stuba.sk/zp/portal_zp.pl?podrobnosti=184582 | |